000 00277nam a22001217a 4500
041 _aENG
100 _aRajaraman .V
245 _aAnalysis And Design Of Information Systems
260 _aDelhi
_bPrentice Hall of India
_c2000
300 _a359
650 _aGAE
856 _uGAE
999 _c583
_d583